| 000 | 00353 a2200097 4500 | ||
|---|---|---|---|
| 100 | 1 |
_aSansone, Giovanni. _eAutor |
|
| 700 | 1 |
_aGerretsen, Johan. _eAutor |
|
| 245 | 0 |
_aLectures on the Theory of Functions of a Complex Variable / _cSansone Giovanni, Gerretsen Johan. |
|
| 710 | 2 |
_aP. Nordhoff. _eWydawca _4pbl |
|
| 260 |
_aAmsterdam : _bP. Nordhoff, _c1960. |
||
| 300 |
_a488 s.; _c25 cm. |
||
| 999 |
_c11153 _d11153 |
||